The tragedy of Julius Caesar / (Record no. 354746)
[ view plain ]
| 000 -LEADER | |
|---|---|
| fixed length control field | 00264nam a2200097Ia 4500 |
| 008 - FIXED-LENGTH DATA ELEMENTS--GENERAL INFORMATION | |
| fixed length control field | 180205s9999 xx 000 0 und d |
| 100 ## - MAIN ENTRY--PERSONAL NAME | |
| Personal name | Shakespeare, William |
| 245 #4 - TITLE STATEMENT | |
| Title | The tragedy of Julius Caesar / |
| 260 ## - PUBLICATION, DISTRIBUTION, ETC. (IMPRINT) | |
| Place of publication, distribution, etc | USA |
| Name of publisher, distributor, etc | Pocket books |
| Date of publication, distribution, etc | 1958 |
| 300 ## - PHYSICAL DESCRIPTION | |
| Extent | vii, 95 pages |
No items available.